| 000 | 01257nam a22003014a 4500 | ||
|---|---|---|---|
| 001 | ebr10044070 | ||
| 003 | CaPaEBR | ||
| 006 | m u | ||
| 007 | cr cn||||||||| | ||
| 008 | 001109s2001 enkab sb 001 0 eng | ||
| 010 | _z 00065264 | ||
| 020 | _z0333801520 (cloth : recycled paper) | ||
| 040 |
_aCaPaEBR _cCaPaEBR |
||
| 035 | _a(OCoLC)559096520 | ||
| 050 | 1 | 4 |
_aHB2068.7.A3 _bP38 2001eb |
| 082 | 0 | 4 |
_a304.8/2/0943 _221 |
| 245 | 0 | 0 |
_aPatterns of migration in Central Europe _h[electronic resource] / _cedited by Claire Wallace and Dariusz Stola. |
| 260 |
_aHoundmills, Basingstoke, Hampshire ; _aNew York, N.Y. : _bPalgrave, _c2001. |
||
| 300 |
_axix, 301 p. : _bill., map. |
||
| 504 | _aIncludes bibliographical references and index. | ||
| 533 |
_aElectronic reproduction. _bPalo Alto, Calif. : _cebrary, _d2013. _nAvailable via World Wide Web. _nAccess may be limited to ebrary affiliated libraries. |
||
| 651 | 0 |
_aEurope, Central _xEmigration and immigration. |
|
| 655 | 7 |
_aElectronic books. _2local |
|
| 700 | 1 | _aWallace, Claire. | |
| 700 | 1 |
_aStola, Dariusz, _d1963- |
|
| 710 | 2 | _aebrary, Inc. | |
| 856 | 4 | 0 |
_uhttp://site.ebrary.com/lib/rucke/Doc?id=10044070 _zAn electronic book accessible through the World Wide Web; click to view |
| 999 |
_c179199 _d179199 |
||